000 00178nam a22000857a 4500
082 _a517HIL
100 _aHildebran F B
245 _aAdvanced calculus for applications
942 _cBK
999 _c15162
_d15162